00418cam a2200157ua 45000010005000000080039000050400009000440820010000531000026000632450053000892500009001422600029001513000017001806530014001976530049002111724110716n ii |||gr||||Z||||||eng cMAIN a338.1 aJain, S. C.,eAuthor.1 aProblems and indian agriculturalcby S. C. Jain  a1st. aAllahabad:bKitab Mahal. a192p:c23cm. aEconomics aProblems and policies of indian agricultural